| 000 | 00570nam a2200157 a 4500 | ||
|---|---|---|---|
| 008 | 120416s1972 ||||||||||||||||| || u | ||
| 050 | _aHX 457.T3 Soc | ||
| 100 | _aCliffe, Lionel | ||
| 245 | 1 | 0 |
_aSocialism in Tanzania _cedited by Lionel Cliffe |
| 246 | _aan interdisciplinary reader | ||
| 260 |
_aNairobi _bEast African Publishing House _c1972 |
||
| 300 | _av. | ||
| 350 | _a0.00 | ||
| 700 | _aSaul, John S | ||
| 995 |
_D0.00 _FCBU-MAIN LIBRARY (Kitwe) _H1 _I0.00 _M1 _UAVAILABLE _ZMain Library Open Access Collection |
||
| 999 |
_c57764 _d57764 |
||